Ekonomická výhodnosť finančného prenájmu a úveru ako hlavných foriem financovania nehnuteľného majetku z cudzích zdrojov v Slovenskej republike

Porovnanie ekonomickej výhodnosti finančného lízingu a kúpy na úver. Výhody a nevýhody finančného prenájmu nehnuteľného majetku v Slovenskej republike.

Salvato in:
Dettagli Bibliografici
Autore principale: Zubaľová, Alena, 1959-
Altri autori: Neubauerová, Erika, 1968-, Tkáčová, Daniela, 1954-
Natura: Capitolo di libro
Lingua:slovacco
Soggetti:
Tags: Aggiungi Tag
Nessun Tag, puoi essere il primo ad aggiungerne!!

MARC

LEADER 00000naa$a2200000$$$4500
001 0051504
005 20240502083136.1
041 0 |a slo 
044 |a CZ 
245 1 0 |a Ekonomická výhodnosť finančného prenájmu a úveru ako hlavných foriem financovania nehnuteľného majetku z cudzích zdrojov v Slovenskej republike  |c Alena Zubaľová, Erika Neubauerová, Dana Tkáčová 
520 |a Porovnanie ekonomickej výhodnosti finančného lízingu a kúpy na úver. Výhody a nevýhody finančného prenájmu nehnuteľného majetku v Slovenskej republike. 
610 2 0 |a prenájom zmluvný 
610 2 0 |a lízing finančný 
610 2 0 |a zdroje finančné cudzie 
610 2 0 |a úver bankový 
610 2 0 |a nehnuteľnosti 
610 2 0 |a dane z príjmov 
610 2 0 |a efektívnosť ekonomická 
610 2 0 |a Slovensko 
100 1 |a Zubaľová, Alena, 1959- 
700 1 |a Neubauerová, Erika, 1968- 
700 1 |a Tkáčová, Daniela, 1954-